Maoist people's war and the revolution of everyday life in Nepal (Record no. 25274)

MARC details
000 -LEADER
fixed length control field 01242 a2200157 4500
020 ## - INTERNATIONAL STANDARD BOOK NUMBER
ISBN 9781108497466
082 ## - DEWEY DECIMAL CLASSIFICATION NUMBER
Classification number 954.96
Item number ZHA-M
100 ## - MAIN ENTRY--AUTHOR NAME
Personal name Zharkevich, Ina
245 ## - TITLE STATEMENT
Title Maoist people's war and the revolution of everyday life in Nepal
260 ## - PUBLICATION, DISTRIBUTION, ETC. (IMPRINT)
Name of publisher Cambridge University Press
Year of publication 2019
Place of publication Cambridge
300 ## - PHYSICAL DESCRIPTION
Number of Pages xiv, 320p.
504 ## - BIBLIOGRAPHY, ETC. NOTE
Bibliography, etc Include Bibliography and Index
520 ## - SUMMARY, ETC.
Summary, etc By providing a rich ethnography of wartime social processes in the former Maoist heartland of Nepal, this book explores how the Maoist People's War (1996–2006) transformed Nepali society. Drawing on long-term fieldwork with people who were located at the epicentre of the conflict, including both ardent Maoist supporters and 'reluctant rebels', it explores how a remote Himalayan village was forged as the centre of the Maoist rebellion, how its inhabitants coped with the situation of war and the Maoist regime of governance, and how they came to embrace the Maoist project and maintain ordinary life amidst the war while living in a guerrilla enclave.
650 ## - SUBJECT ADDED ENTRY--TOPICAL TERM
Topical Term Politics and government-1960
Form subdivision Social life and customs
-- Social conditions
-- Communism
-- Insurgency--Social aspects
-- Ethnolog
-- Civil War, 1996-2006--Social aspects
Geographic subdivision Nepal
942 ## - ADDED ENTRY ELEMENTS (KOHA)
Source of classification or shelving scheme Dewey Decimal Classification
Koha item type Books
Holdings
Withdrawn status Lost status Damaged status Not for loan Home library Current library Date acquired Source of acquisition Cost, normal purchase price Bill Date Full call number Accession Number Cost, replacement price Price effective from Koha item type
        NASSDOC Library NASSDOC Library 06/09/2019 OP 580.35 2019-09-04 954.96 ZHA-M 50497 795.00 06/09/2019 Books